[Event "ICS rated blitz match"]
[Site "207.99.83.227"]
[Date "1999.04.11"]
[Round "?"]
[White "blunite"]
[Black "Hossa"]
[Result "0-1"]
[WhiteElo "2286"]
[BlackElo "2420"]
[Annotator "Fritz 5.32 (15s)"]
[PlyCount "86"]

1. e4 c5 2. Nf3 Nc6 3. Nc3 3... Nh6 $14 (3... e5 4. Bc4 Be7 5. d3 Nf6 6. Ng5
O-O 7. f4 d6 8. O-O h6 (8... exf4 9. Bxf4 Nd4 10. h3 h6 11. Nf3 Be6 12. Qd2
Nxe4 13. Nxe4 d5 14. Nxd4 cxd4 15. Bxh6 dxe4 16. Bxe6 fxe6 17. Rxf8+ Bxf8 18.
Bg5 Qb6 19. Qf4 Bb4 20. Qxe4 Rf8 21. a3 Bd6 22. Qxe6+ Kh8 23. Re1 Qa5 24. h4
Bg3 25. Re2 Qc7 26. Re1 Bxe1 27. Qxe1 {
0-1 Mnatsakanian,E-Yegiazarian,O/Erevan (Armenia) 0 (27)}) 9. Nf3 exf4 10. Bxf4
Be6 11. Nd5 Qd7 12. Qd2 Bxd5 13. exd5 Nb4 14. Rae1 Rae8 15. a3 Nbxd5 16. Bxh6
gxh6 17. Qxh6 Qf5 18. Ng5 {Mitkov,N-Kurajica,B/Oberwart op 1991/0-1 (44)}) (
3... Nd4 4. Nxd4 cxd4 5. Ne2 d5 6. e5 Qb6 7. c3 dxc3 8. dxc3 e6 9. Nd4 Bd7 10.
Qb3 Qc7 11. f4 Ne7 12. Be3 g6 13. Bd3 Nf5 14. Bf2 Be7 15. O-O h5 16. a4 a6 17.
Nf3 Rc8 18. Kh1 {Stojcevski,Z-Popchev,M/Skopje FRM 1998/ - (28)}) (3... Nf6 4.
Bb5 Nd4 5. e5 Nd5 6. Nxd4 Nxc3 7. dxc3 cxd4 8. Qxd4 a6 9. Bd3 e6 10. O-O Be7
11. Qg4 Kf8 12. Be3 h5 13. Qe4 f5 14. exf6 gxf6 15. Qg6 {
1-0 Tan,D-Hannet,J/Islington ENG 1998 (15)}) (3... d6 4. Bc4 Nf6 5. d3 g6 6.
Ng5 Ne5 7. O-O Nxc4 8. dxc4 Bg7 9. b3 h6 10. e5 Ng4 11. Nge4 Nxe5 12. Nb5 O-O
13. h3 Nxc4 14. bxc4 Bxa1 15. Bxh6 Bg7 16. Bf4 Bf5 17. Ng5 Bh6 18. Nxf7 {
Major,J-Tricou,C/IECG, Cat-E (m/2619/02) 1995/0-1 (38)}) (3... e6 4. d4 $11) 4.
d4 cxd4 5. Nxd4 5... Nxd4 $16 (5... g6 6. Nxc6 bxc6 7. Qd4 $14) 6. Qxd4 Ng4 7.
Be2 $14 (7. e5 7... h5 $16) 7... d6 8. O-O Ne5 9. h3 {Ueberdeckt g4} (9. Rd1
9... Bd7 $16) 9... Nc6 {Schwarz hat Entwicklungsnachteil.} 10. Qd1 10... g6 {
Deckt h5} 11. Nd5 (11. Be3 11... Bg7 $11) 11... Bg7 12. c3 {Sichert b4+d4}
12... Be6 (12... e6 13. Ne3 $11) 13. Bg5 O-O 14. Qd2 Be5 15. Bh6 Re8 16. f4
16... Bf6 $16 (16... Bg7 17. Bxg7 Kxg7 18. Rfe1 $11) 17. Kh1 $14 (17. Nxf6+
exf6 18. f5 18... Bc8 $14) 17... Rc8 $16 (17... Bh8 18. f5 Bd7 19. Bg5 $14) 18.
Bf3 $14 (18. Nxf6+ $5 18... exf6 19. f5 $16) 18... Bh4 19. Rad1 Qa5 20. a3 {
Befestigt b4} 20... Bg3 (20... Qa4 21. f5 Bxd5 22. exd5 $14) 21. Bg4 $11 (21.
f5 21... Bd7 $14) 21... Bxg4 22. hxg4 Bh4 23. Rf3 $11 (23. g5 23... Qb5 $16)
23... e6 24. Ne3 Be7 25. Rh3 Qa4 26. Qd3 26... g5 $16 (26... b5 $5 $11 {
kam sehr in Betracht}) 27. Bxg5 {Droht e5} 27... Bxg5 28. fxg5 (28. e5 f5 (
28... Bxf4 29. Qxh7+ Kf8 30. b3 Qxb3 31. Qh8+ Ke7 32. Qf6+ Kd7 33. Qxf7+ Re7
34. Rxd6+ Kc7 35. Qxf4 $16) 29. exd6 29... Bxf4 $16) 28... Ne5 29. Qb1 Qb5 30.
Rd2 $14 (30. a4 Qxa4 31. Rxd6 31... Red8 $11) 30... Rxc3 {
Nun geraet Weiss unter starken Druck..} 31. Qe1 ({Weniger gut ist} 31. Rxd6
31... Nd3 32. Rxd3 32... Rxd3 $17 (32... Qxd3 33. Qg1 Rb3 34. Nf5 Qxh3+ 35.
gxh3 exf5 36. gxf5 $14)) 31... Rd3 32. Rxd3 32... Nxd3 $16 (32... Qxd3 33. Nd5
exd5 34. Rxd3 Nxd3 35. Qg3 dxe4 36. Qxd6 $11) 33. Qh4 $14 (33. Qf1 a6 34. Rxh7
$14) 33... h6 $4 $18 (33... Qxb2 34. Qxh7+ Kf8 35. Qh8+ Qxh8 36. Rxh8+ Ke7 37.
Rxe8+ 37... Kxe8 $17) 34. Qxh6 $4 $17 {
ein schwacher Zug, der den Gewinn vergibt} (34. gxh6 Qe5 35. Nc4 $18) 34...
Nf2+ 35. Kh2 (35. Kg1 Nxh3+ 36. gxh3 36... Rc8 $19) 35... Qe5+ 36. Rg3 Nxe4 (
36... Qxe4 $2 37. Kg1 Qb1+ 38. Kxf2 Qxb2+ 39. Kg1 $18) 37. Nf1 (37. g6 Qxg3+
38. Kh1 38... Nf6 $19) 37... Qf4 (37... Nxg3 $6 38. Nxg3 Rc8 39. g6 $19) 38.
Kg1 (38. Qh4 $19 {bietet noch letzte Rettungschancen}) 38... Nxg3 {
Mit der Mattdrohung Ne2} 39. Nxg3 Qxg3 40. g6 {Droht Matt: Qh7} 40... Qe1+ 41.
Kh2 Qe5+ 42. Kg1 Re7 43. Qh7+ Kf8 (43... Kf8 44. Qh6+ 44... Qg7 $19) 0-1

[Event "ICS rated blitz match"]
[Site "207.99.83.227"]
[Date "1999.04.11"]
[Round "?"]
[White "Hossa"]
[Black "SABINAH"]
[Result "1/2-1/2"]
[WhiteElo "2430"]
[BlackElo "2062"]
[PlyCount "85"]

1. e4 c6 2. Nc3 d5 3. exd5 cxd5 4. Nf3 Nc6 5. Bb5 Bg4 6. O-O e6 7. a3 Nf6 8. d3
Bd6 9. Be3 O-O 10. Bxc6 bxc6 11. Ra2 c5 12. Bg5 h6 13. Bh4 Qc7 14. Nb5 Qc6 15.
Nxd6 Qxd6 16. Bxf6 gxf6 17. h3 Bh5 18. g4 Bg6 19. Qd2 Kg7 20. Kh1 Rab8 21. Re1
d4 22. b3 Qd5 23. Qf4 e5 24. Qg3 a5 25. Raa1 a4 26. bxa4 Rb2 27. Rec1 c4 28.
Kg1 cxd3 29. cxd3 Bxd3 30. Nxe5 fxe5 31. Qxd3 e4 32. Qc4 Rd8 33. Qxd5 Rxd5 34.
Re1 Re5 35. f4 Rc5 36. Rxe4 Rcc2 37. g5 Rg2+ 38. Kh1 Rh2+ 39. Kg1 Rhg2+ 40. Kh1
Rh2+ 41. Kg1 Rhg2+ 42. Kh1 Rh2+ 43. Kg1 {Game drawn by repetition} 1/2-1/2

[Event "ICS rated blitz match"]
[Site "207.99.83.227"]
[Date "1999.04.11"]
[Round "?"]
[White "SABINAH"]
[Black "Hossa"]
[Result "1/2-1/2"]
[WhiteElo "2075"]
[BlackElo "2417"]
[PlyCount "46"]

1. e4 e5 2. Nf3 Nc6 3. Bb5 a6 4. Bxc6 dxc6 5. O-O Bg4 6. h3 h5 7. d3 Bxf3 8.
Qxf3 Qe7 9. Be3 O-O-O 10. Nc3 Qf6 11. Qxf6 Nxf6 12. f4 Bd6 13. Rae1 Rhe8 14.
Ne2 Nd7 15. Ng3 exf4 16. Bxf4 Bxf4 17. Rxf4 Nf6 18. Nf5 Nd5 19. Rf2 g6 20. Ng3
Rd7 21. Ref1 Ne3 22. Re1 Nd5 23. Ref1 23... Ne3 {Game drawn by mutual agreement
} 1/2-1/2

[Event "ICS rated blitz match"]
[Site "207.99.83.227"]
[Date "1999.04.11"]
[Round "?"]
[White "Hossa"]
[Black "SABINAH"]
[Result "1-0"]
[WhiteElo "2405"]
[BlackElo "2087"]
[PlyCount "89"]

1. e4 c6 2. Nc3 d5 3. exd5 cxd5 4. Nf3 Nc6 5. Bb5 Bg4 6. O-O e6 7. a3 Nf6 8. d3
Bd6 9. Be3 O-O 10. Bxc6 bxc6 11. Ra2 a6 12. Bg5 Qc7 13. h3 Bh5 14. Bxf6 gxf6
15. d4 c5 16. dxc5 Bxc5 17. Qd3 Bg6 18. Qd2 Rab8 19. Kh1 Rb7 20. Re1 Rfb8 21.
Nd1 Ba7 22. Re2 Rc8 23. Nc3 Bb8 24. Qd4 Bh5 25. g4 Bg6 26. Qxf6 Qc4 27. a4 Be4
28. Qg5+ Kh8 29. Kg1 Bxf3 30. Qf6+ Kg8 31. Qxf3 Qf4 32. Qxf4 Bxf4 33. Nb1 Rcb8
34. b3 Rc7 35. Kg2 Rbc8 36. h4 d4 37. Na3 Rc3 38. g5 d3 39. cxd3 Rxb3 40. Re4
Bc1 41. Nc4 Rxd3 42. Rc2 Rd1 43. Rc3 Bb2 44. Nxb2 Rxc3 45. Nxd1 {
SABINAH resigns} 1-0

[Event "ICS rated blitz match"]
[Site "207.99.83.227"]
[Date "1999.04.11"]
[Round "?"]
[White "SABINAH"]
[Black "Hossa"]
[Result "1/2-1/2"]
[WhiteElo "2083"]
[BlackElo "2409"]
[PlyCount "97"]

1. e4 e5 2. Nf3 Nc6 3. Bb5 a6 4. Bxc6 dxc6 5. O-O Bg4 6. h3 h5 7. d3 Bxf3 8.
Qxf3 Qe7 9. Be3 O-O-O 10. Nc3 Qe6 11. Rae1 Nf6 12. Bg5 Bb4 13. Bxf6 gxf6 14.
Qe3 Bxc3 15. bxc3 Qxa2 16. Qa7 Qxc2 17. Qa8+ Kd7 18. Qxb7 a5 19. Rc1 Qa2 20. d4
Rb8 21. Qa6 Ra8 22. Qd3 Kc8 23. f4 Rg8 24. Rf2 Qb3 25. fxe5 fxe5 26. dxe5 h4
27. Qf3 Rb8 28. Qxf7 Qxf7 29. Rxf7 Rb2 30. Rf2 Rxf2 31. Kxf2 Re8 32. Ke3 Rxe5
33. Kf4 Rc5 34. Ra1 Rxc3 35. Rxa5 Rg3 36. Ra2 Kb7 37. e5 c5 38. e6 Kc6 39. Kf5
Rg8 40. Kf6 Rf8+ 41. Kg7 Rf5 42. e7 Kd7 43. Re2 Ke8 44. Kg6 Rf4 45. Kg5 Rd4 46.
Kf6 Rf4+ 47. Kg5 Rd4 48. Kf6 Rf4+ 49. Kg5 {Game drawn by repetition} 1/2-1/2

[Event "ICS rated blitz match"]
[Site "207.99.83.227"]
[Date "1999.04.11"]
[Round "?"]
[White "Hossa"]
[Black "SABINAH"]
[Result "1-0"]
[WhiteElo "2397"]
[BlackElo "2095"]
[PlyCount "103"]

1. e4 c6 2. Nc3 d5 3. exd5 cxd5 4. Nf3 Bg4 5. Be2 Nc6 6. O-O e6 7. d3 Nf6 8.
Bg5 Be7 9. Re1 O-O 10. Nh4 Bxe2 11. Qxe2 h6 12. Bd2 Nd4 13. Qd1 Nd7 14. Nf3
Nxf3+ 15. Qxf3 Rc8 16. Qg3 Bg5 17. Bxg5 Qxg5 18. Qxg5 hxg5 19. Re2 a6 20. a4
Rc7 21. Rae1 Rfc8 22. Rc1 Nf6 23. Rd2 d4 24. Ne2 e5 25. Ng3 g6 26. Kh1 Nd5 27.
Ne4 Nb4 28. c4 dxc3 29. bxc3 Nd5 30. c4 Nf4 31. Rb1 g4 32. Nf6+ Kg7 33. Nxg4
Rd8 34. g3 Rxd3 35. Rdb2 Nh3 36. Kg2 Ng5 37. Nxe5 Rd4 38. Rxb7 Rxb7 39. Rxb7
Kf6 40. Nd7+ Kg7 41. h4 Ne6 42. Ne5 Kf6 43. f4 Nc5 44. Rxf7+ Ke6 45. Rg7 Nxa4
46. Rxg6+ Ke7 47. Rxa6 Rd2+ 48. Kh3 Nc3 49. g4 Nd1 50. Ra7+ Ke8 51. h5 Rd3+ 52.
Nxd3 {SABINAH resigns} 1-0

[Event "ICS rated blitz match"]
[Site "207.99.83.227"]
[Date "1999.04.11"]
[Round "?"]
[White "CaptainCrunch"]
[Black "Hossa"]
[Result "1-0"]
[WhiteElo "2298"]
[BlackElo "2402"]
[Annotator "Crafty v16.6"]
[PlyCount "135"]

{annotating for player Hossa using a scoring margin of +0.10 pawns. search
time limit is 20.00} 1. d4 1... Nf6 2. c4 g6 3. Nc3 Bg7 4. e4 d6 5. Nf3 Bg4 6.
Be2 O-O 7. O-O Nc6 8. Be3 e5 ({8:-0.70} 8... e5 9. d5 Ne7 10. Qd2 c6 11. Bh6
Bxh6 12. Qxh6 cxd5 13. cxd5 $14) ({8:-0.59} 8... Re8 9. d5 Na5 10. Qd3 c5 11.
Ng5 Bxe2 12. Qxe2 12... Qd7 $14) 9. d5 Ne7 10. Rc1 Bxf3 ({7:-0.81} 10... Bxf3
11. Bxf3 c6 12. Qd3 Rc8 13. Bg5 Qd7 14. Rfd1 cxd5 15. cxd5 $16) ({7:-0.59} 
10... Bh5 11. Ng5 Bxe2 12. Qxe2 Qd7 13. Qd3 Qg4 14. b4 $14) 11. Bxf3 Kh8 12. b4
a5 ({8:-0.97} 12... a5 13. b5 Qd7 14. Qd3 Kg8 15. Rfd1 Ng4 16. Bg5 $16) ({
8:-0.82} 12... Rc8 13. Qd3 c6 14. b5 cxb5 15. cxb5 Kg8 16. a4 16... Re8 $16)
13. a3 axb4 14. axb4 Qd7 15. Qb3 Ra6 16. Ra1 Rfa8 17. Rxa6 Rxa6 18. Qb2 Qd8 19.
Ra1 Rxa1+ 20. Qxa1 Kg8 21. Qa7 Qc8 22. Nb5 Ne8 23. Qa5 Bf6 ({9:-0.80} 23... Bf6
24. c5 Qd7 25. Nc3 c6 26. cxd6 Nxd6 27. Bh6 Bg7 28. Qa8+ 28... Nec8 $16) ({
9:-0.63} 23... c6 24. Nc3 Nf6 25. b5 cxd5 26. cxd5 Qd7 27. Qa8+ Nc8 28. b6
28... Nh5 $14) 24. h3 g5 ({9:-1.12} 24... g5 25. Qa7 b6 26. Qa3 Ng6 27. Bg4 Qd8
28. Qd3 28... Nf4 $16) ({9:-0.74} 24... Bg7 25. Bg5 Bf8 26. Bg4 Qd8 27. Qa7 b6
28. Qb7 28... Bg7 $16) 25. Bg4 Qd8 26. Qa7 b6 27. Qb7 Ng6 ({10:-1.17} 27... Ng6
28. Qc6 Kf8 29. Qd7 Qxd7 30. Bxd7 Bd8 31. c5 dxc5 32. bxc5 Ke7 33. Bxe8 Kxe8
34. cxb6 34... cxb6 $16) ({10:-1.04} 27... Kh8 28. c5 dxc5 29. bxc5 bxc5 30.
Bxc5 Kg8 31. Bh5 Ng6 32. Qc6 Ne7 33. Qb7 $16) 28. Na7 Ne7 29. c5 bxc5 30. bxc5
Kh8 ({10:-2.10} 30... Kh8 31. c6 Bg7 32. Bxg5 h6 33. Be3 f5 34. Bxf5 Nxf5 35.
exf5 35... Qh4 $18) ({10:-0.97} 30... dxc5 31. Bxc5 Nd6 32. Qb1 Bg7 33. Qd3 f5
34. Bxd6 Qxd6 35. Bxf5 Nxf5 36. exf5 36... Kf7 $16) 31. Nb5 Ng8 32. c6 Be7 33.
Bd2 Ngf6 34. Bf5 Kg8 35. Ba5 Ng7 36. Bxc7 Qf8 37. Bxd6 Nxf5 38. exf5 Bxd6 39.
Nxd6 Nxd5 40. c7 Nxc7 41. Qxc7 Kg7 42. Ne4 Qe8 43. Qd6 g4 44. Qf6+ Kg8 45. hxg4
Qb8 46. Ng5 Qc7 47. Qh6 f6 48. Qxf6 Qd7 49. f3 Qd4+ 50. Kh2 Qd7 51. Ne6 h6 52.
Qxh6 Qh7 53. Qxh7+ Kxh7 54. g5 e4 55. fxe4 Kh8 56. Kh3 Kh7 57. g6+ Kh6 58. g7
Kh7 59. Kg4 Kg8 60. Kg5 Kf7 61. f6 Kxe6 62. g8=Q+ Kd7 63. f7 Kc7 64. f8=Q Kc6
65. Qf5 Kd6 66. Qgg6+ Kc7 67. Qff7+ Kd8 68. Qgg8# 1-0

[Event "ICS rated blitz match"]
[Site "207.99.83.227"]
[Date "1999.04.11"]
[Round "?"]
[White "Hossa"]
[Black "fidelito"]
[Result "1-0"]
[WhiteElo "2381"]
[BlackElo "2133"]
[PlyCount "55"]

1. e4 Nc6 2. Nf3 d6 3. Bb5 Bg4 4. Bxc6+ bxc6 5. O-O Nf6 6. Nc3 e6 7. d4 Be7 8.
e5 Nd5 9. exd6 cxd6 10. Nxd5 cxd5 11. Re1 O-O 12. Bd2 Rb8 13. Rb1 Bf6 14. Bc3
Qd7 15. Ra1 Rfe8 16. a3 h6 17. Rb1 Qc6 18. Kh1 a6 19. Ra1 Rb7 20. Kg1 Qc4 21.
Re3 e5 22. Nxe5 Bxd1 23. Nxc4 Rxe3 24. Nxe3 Be2 25. Re1 Bc4 26. a4 g6 27. b3
Bxb3 28. Rb1 {fidelito resigns} 1-0

[Event "ICS rated blitz match"]
[Site "207.99.83.227"]
[Date "1999.04.11"]
[Round "?"]
[White "Hossa"]
[Black "fidelito"]
[Result "1-0"]
[WhiteElo "2393"]
[BlackElo "2121"]
[PlyCount "43"]

1. e4 e5 2. Nf3 Nc6 3. Bc4 Nf6 4. Ng5 d5 5. exd5 Na5 6. Bb5+ c6 7. dxc6 bxc6 8.
Qf3 h6 9. Ne4 Nd5 10. Be2 Be7 11. Qg3 O-O 12. d3 Kh8 13. Qxe5 f5 14. Bxh6 Rf7
15. Bh5 Bf6 16. Bg5 Bxg5 17. Nxg5 Re7 18. O-O Qf8 19. Qd6 Nf6 20. Bg6 Bd7 21.
Qb4 Re5 22. Nf7+ {fidelito resigns} 1-0

[Event "ICS rated blitz match"]
[Site "207.99.83.227"]
[Date "1999.04.11"]
[Round "?"]
[White "blunite"]
[Black "Hossa"]
[Result "1-0"]
[WhiteElo "2311"]
[BlackElo "2399"]
[Annotator "Fritz 5.32 (15s)"]
[PlyCount "96"]

1. e4 e5 2. Nf3 Nc6 3. Bc4 Bc5 4. Nc3 Nf6 5. a3 O-O 6. d3 6... d6 $146 (6... h6
7. O-O d6 8. h3 Nd4 9. Be3 Nxf3+ 10. Qxf3 Bxe3 11. Qxe3 c6 12. Qg3 Qd7 13. Ne2
c5 14. f4 exf4 15. Nxf4 Qa4 16. Ng6 Re8 17. Rxf6 gxf6 18. Ne5+ Kh7 19. Bxf7 Rf8
20. Qg6+ Kh8 21. Qxh6# {1-0 Vogel,N-Beier,A/ODEM U17w Kerkwitz 1996 (21)}) (
6... a6 7. h3 Re8 8. O-O h6 9. Be3 Bf8 10. Nd2 d6 11. f4 Be6 12. f5 Bxc4 13.
dxc4 b5 14. Bf2 Nd4 15. Nd5 Nd7 16. c3 Nc6 17. Qg4 Ne7 18. f6 Ng6 19. fxg7 Bxg7
20. cxb5 axb5 21. Be3 {Minasian Ara-Galdunts Sergey/Ch URS (young masters),
Kherson (Ukrain 1991/1-0 (39)}) 7. Bg5 7... Be6 $14 (7... h6 8. Bh4 $11) 8. b3
$11 {Kontrolliert c4} (8. Nd5 Bxd5 9. Bxd5 9... h6 $11) 8... Bd4 9. Nxd4 9...
exd4 $14 (9... Nxd4 10. O-O $11) 10. Ne2 (10. Nd5 Ne5 11. Nxf6+ 11... gxf6 $14)
10... Bg4 (10... h6 11. Bh4 $11) 11. f3 Be6 12. O-O $14 (12. Bb5 Na5 13. Nxd4
13... c6 $16) 12... a6 {Staerkt b5} 13. Ng3 $11 (13. Nf4 13... Qe7 $14) 13...
Bxc4 $14 (13... h6 $5 {bedarf naeherer Analyse} 14. Bxe6 14... fxe6 $11 (14...
hxg5 $143 15. Bh3 $14)) 14. bxc4 (14. dxc4 h6 15. Bc1 15... b5 $16) 14... h6
15. Bxf6 (15. Bc1 15... b5 $14) 15... Qxf6 16. f4 Qg6 (16... b5 17. Qg4 $11)
17. Rb1 b6 18. Kh1 Rae8 19. Qf3 (19. f5 19... Qg5 $14) 19... a5 (19... Qe6 20.
f5 Qe5 21. f6 $14) 20. Rbe1 $11 (20. f5 20... Qg5 $14) 20... Kh8 21. Nf5 $11 (
21. f5 21... Qg5 $14) 21... Rg8 22. g4 Rgf8 23. Rg1 Rg8 24. Re2 $14 (24. g5
24... Qh7 $16) 24... a4 $16 (24... Qe6 25. g5 $14) 25. h4 $14 {Weiss plant g5}
(25. g5 $5 25... Qe6 26. Reg2 $18) 25... Re6 26. Rh2 26... Rge8 $16 (26... Qh7
27. Qf2 $14) 27. g5 h5 28. Ng3 {Weiss droht f5} 28... Qh7 29. Qxh5 Kg8 (29...
Qxh5 30. Nxh5 Rb8 31. Rb1 $16) 30. Qg4 {Ermoeglicht auch h5} 30... Kh8 (30...
b5 31. cxb5 Na7 32. Nf5 Nxb5 33. h5 $18) 31. h5 {Weiss plant g6} 31... Kg8 $2 (
31... Ne7 $18) 32. Nf5 {Mit der Absicht g6} 32... Kf8 33. g6 {
Mit der Mattdrohung gxh7} 33... fxg6 34. hxg6 Qg8 35. Rh7 {Mit der Idee Qh5}
35... Nd8 (35... Ne7 {koennte noch eine geringe Chance darstellen} 36. Rxg7
Rxg6 37. Rxg8+ 37... Rxg8 $18) 36. Rxg7 (36. Qh5 Re5 37. fxe5 Rxe5 38. Rh8 $18)
36... Qxg7 37. Nxg7 (37. Qh5 $5 $142 {
damit wuerde Weiss es sich noch erleichtern} 37... R8e7 38. Nxg7 38... Rxg7 $18
) 37... Kxg7 38. f5 Rf6 (38... Rh8+ {hilft allerdings auch nicht} 39. Kg2 Rf6
40. Rh1 Rxh1 41. Kxh1 $18) 39. Kg2 (39. Rg3 $5 {waere im Gewinnsinne praeziser}
39... Rh8+ 40. Rh3 40... Rff8 $18) 39... Nc6 (39... Rh8 {
ist noch eine duenne Chance} 40. Rh1 Rxh1 41. Kxh1 41... Nc6 $18) 40. Rh1 {
Droht Matt} 40... Ne5 (40... Ree6 41. Rh7+ Kg8 42. Qh5 Rxg6+ 43. fxg6 Ne5 44.
Rh8+ Kg7 45. Qh6+ Kf6 46. Rf8+ Nf7 47. Rxf7+ Ke5 48. Qf4#) 41. Rh7+ Kg8 42. Qh4
(42. Qh5 Nxg6 43. fxg6 Rf3 44. Qd5+ Kf8 45. g7+ Ke7 46. g8=Q+ Rf7 47. Qgxf7+
Kd8 48. Qxc7#) 42... Nxg6 43. Qxf6 {Es droht Matt} 43... Nf4+ 44. Kf3 Kxh7 45.
Qf7+ Kh8 46. Qxe8+ Kh7 (46... Kg7 {holt die Kuh nicht vom Eis} 47. Kxf4 Kh7 48.
Qf7+ Kh8 49. f6 c6 50. Qg7#) 47. Kxf4 b5 (47... Kg7 {hilft auch nicht mehr} 48.
Qe7+ Kh6 49. Qf7 c6 50. Qg6#) 48. cxb5 (48. Qe7+ Kh6 49. Qf7 bxc4 50. Qg6#)
48... Kg7 1-0

[Event "ICS rated blitz match"]
[Site "207.99.83.227"]
[Date "1999.04.11"]
[Round "?"]
[White "Hossa"]
[Black "blunite"]
[Result "1-0"]
[WhiteElo "2383"]
[BlackElo "2327"]
[Annotator "Fritz 5.32 (15s)"]
[PlyCount "81"]

1. e4 e5 2. Nf3 Nc6 3. Bb5 a6 4. Ba4 Nf6 5. Qe2 b5 6. Bb3 Be7 7. O-O O-O 8. d3
(8. c3 d6 (8... Bb7 9. d4 d6 10. Rd1 Qc8 11. a4 Nxe4 12. Qxe4 Nxd4 13. Bd5
Nxf3+ 14. Qxf3 c6 15. Bb3 d5 16. Qg3 Qe6 17. Re1 Bd6 18. Bf4 Rad8 19. Bg5 Rd7
20. axb5 axb5 21. Nd2 Qg6 22. Be3 Qxg3 23. hxg3 {
Berset,P-Tcheau,A/Bern SUI 1999/1-0 (79)}) 9. Rd1 Na5 10. Bc2 c5 11. d4 Qc7 12.
d5 c4 13. b4 cxb3 14. axb3 Bg4 15. h3 Bh5 16. Bb2 Rfb8 17. Rc1 Bxf3 18. Qxf3
Nd7 19. Qg4 h6 20. h4 Nf6 21. Qe2 h5 22. Nd2 Ng4 23. g3 Bd8 24. Kg2 Qa7 25. b4
Nc4 26. Nxc4 bxc4 27. Rf1 Bb6 28. Bc1 Qc7 29. f3 Nf6 30. Ba4 a5 31. Bc6 Ra7 32.
Qxc4 axb4 33. Rxa7 Qxa7 34. cxb4 Bd4 35. Bd2 Qa3 36. Rb1 g6 37. b5 Kg7 38. Bb4
Qe3 39. Qc2 {1-0 Tiviakov,S-Almasi,Z/Groningen NED 1998 (39)}) 8... d6 9. Be3
$146 (9. c3 Na5 10. Bc2 c5 11. Rd1 Qc7 12. Nbd2 (12. Bg5 h6 13. Bh4 Bg4 14. h3
Bh5 15. g4 Bg6 16. Nbd2 Nh7 17. Bg3 Ng5 18. Nxg5 hxg5 19. Nf1 Nc6 20. Ne3 Rfb8
21. Bb3 a5 22. Bd5 Ra7 23. Bxc6 Qxc6 24. f3 a4 25. Kg2 f6 26. h4 26... gxh4 {
Rausch,W-Radic,P/BL 8182 1982/1-0 (47)}) 12... Nc6 (12... Bb7 13. Nf1 Rae8 14.
Ng3 Bd8 15. b3 Nc6 16. a3 a5 17. Bd2 b4 18. axb4 axb4 19. cxb4 Nxb4 20. Bxb4
cxb4 21. d4 g6 22. Ra4 exd4 23. Rxb4 Nd5 24. Rc4 Ba6 25. exd5 Rxe2 26. Rxc7
Bxc7 27. Nxe2 Bxe2 28. Rxd4 Ra8 29. h3 Bb6 30. Rd2 Ra1+ 31. Kh2 Bxf3 32. gxf3
Bc5 33. Bd3 Kg7 34. Kg2 Kf6 35. Re2 {
- McShane,L-Kachiani,K/Agency, London ENG 1997 (35)}) 13. Nf1 Re8 14. Ne3 g6
15. Bb3 Na5 16. Bc2 Nc6 17. a3 Bf8 18. Bb3 Bg7 19. h3 Nh5 20. Ba2 Be6 21. Qc2
Bxa2 22. Rxa2 Rad8 23. b4 Nf6 24. Qb3 Ne7 25. a4 d5 26. bxc5 dxe4 27. Ng5 Ned5
28. Nxe4 Nxe4 29. dxe4 Nxe3 30. Rxd8 Rxd8 31. Bxe3 Qc6 32. axb5 axb5 33. Ra7
Qe8 34. c6 Rc8 35. c7 Bf8 36. Qd5 b4 37. cxb4 Bxb4 38. Rb7 Qf8 39. Qd7 {
1-0 Pilnik,H-Espinoza,R/ARG-ch 1958 (39)}) 9... h6 {Verwehrt dem Gegner g5} 10.
Nc3 Bg4 (10... Na5 11. Nd5 $15) 11. Bd5 Qd7 12. Bxc6 Qxc6 13. a3 Qd7 (13... a5
14. h3 Be6 15. Qd2 $11) 14. d4 $15 (14. Rfe1 14... c5 $11) 14... Qe6 $11 (14...
exd4 $5 15. Bxd4 15... c5 $15) 15. d5 {Raumvorteil} 15... Qd7 16. b3 (16. h3
16... Bh5 $14) 16... Nh5 $14 (16... Nxe4 $5 17. Nxe4 17... f5 $11) 17. Qd1 $15
(17. h3 $5 {ist eine gute Alternative} 17... Bxf3 18. Qxf3 $14) 17... f5 {
Schwarz packt die Bauernkette an der Wurzel} 18. h3 18... Bxf3 $14 (18... fxe4
19. Nxe5 (19. hxg4 $143 19... exf3 20. gxf3 20... Nf4 $17) 19... dxe5 20. hxg4
$11) 19. Qxf3 Nf4 20. Rae1 fxe4 21. Qxe4 21... Rf6 $14 (21... Bg5 22. Bxf4 Bxf4
23. Qd3 $11) 22. Bxf4 $11 (22. a4 22... Rff8 $14) 22... Rxf4 23. Qg6 Raf8 24.
Ne2 R4f6 25. Qg3 g5 26. Nc3 {Plant Se2-c3-a2-b4-c6} 26... Kh7 27. Na2 Rg6 28.
Nb4 28... a5 $16 (28... g4 $5 {steht zur Diskussion} 29. hxg4 Rxg4 30. Qd3+
30... Rg6 $11) 29. Nc6 {Der Springer ist gut plaziert} 29... a4 {
Schwarz erobert Raum} 30. Qd3 axb3 31. cxb3 g4 32. Rxe5 32... Bf6 $2 $18 (32...
dxe5 $142 {damit waere Schwarz im Spiel geblieben} 33. Qxg6+ $1 {
ueberlaesst Weiss die besseren Chancen} 33... Kxg6 34. Nxe5+ Kg7 35. Nxd7 35...
Rd8 $14) 33. Re6 gxh3 34. Ne7 {Es droht Matt} ({Nicht} 34. Qxh3 34... Qg7 $18)
34... Qxe7 {Schwarz muss Material zurueckgeben} 35. Rxe7+ Bxe7 36. Qxh3 Rfg8
37. Qd3 Kh8 (37... h5 38. Rc1 Bd8 39. Rc2 $18) 38. g3 (38. Qxb5 $2 {ist falsch}
38... Rxg2+ 39. Kh1 39... R2g4 $19) 38... Bf6 39. Qxb5 Bd4 (39... h5 {
aendert nichts mehr} 40. Kg2 $18) 40. Kg2 Rf8 (40... Rf6 $18 {
haette noch versucht werden koennen}) 41. Qd3 (41. Qd3 Rg4 42. f3 $18) 1-0

[Event "ICS rated blitz match"]
[Site "207.99.83.227"]
[Date "1999.04.11"]
[Round "?"]
[White "Malanga"]
[Black "Hossa"]
[Result "0-1"]
[WhiteElo "2076"]
[BlackElo "2396"]
[PlyCount "52"]

1. Nf3 Nf6 2. c4 e6 3. Nc3 Bb4 4. g3 O-O 5. Bg2 d5 6. cxd5 exd5 7. Qc2 Bg4 8.
O-O Nc6 9. a3 Bxf3 10. Bxf3 Nd4 11. Qd3 Bc5 12. b4 Bb6 13. Na4 Qe8 14. Nxb6
Nxf3+ 15. Qxf3 axb6 16. d3 Qe6 17. Bb2 Ng4 18. Rfc1 c6 19. Kg2 Rfe8 20. e3 Nh6
21. Qf4 Qg6 22. Qd4 b5 23. Rc3 Ng4 24. Re1 Qh5 25. h3 Ne5 26. f4 26... Qf3+ {
Malanga resigns} 0-1